Múzeum Milana Rastislava Štefánika

Saved in:
Bibliographic Details
Main Author: Drobenová, Monika, 1988- (Author)
Other Authors: Nádaská, Zuzana, 1956- (Thesis advisor)
Format: Manuscript Book
Language:Slovak
Published: Bratislava : STU v Bratislave SvF, 2014
Subjects:
Online Access:VAIS
Tags: Add Tag
No Tags, Be the first to tag this record!

MARC

LEADER 00000ntm a22000003a 4500
001 stu297257
005 20150617230308.1
008 140919s2014----xo------------------slo-d
040 |a STU  |b slo 
041 0 |a slo 
044 |a xo 
100 1 |a Drobenová, Monika,  |d 1988-  |4 aut  |u V  |T SvF Stavebná fakulta  |X 57977  |U V  |Y 10  |7 A000057977 
242 0 0 |a Museum of Milan Rastislav Štefánik  |y eng 
245 1 |a Múzeum Milana Rastislava Štefánika 
260 |a Bratislava :  |b STU v Bratislave SvF,  |c 2014 
650 7 |a Building Structures and Architecture  |2 estusub 
650 7 |a museum  |2 estusub 
650 7 |a exhibition space  |2 estusub 
650 7 |a múzeum  |2 stusub 
650 7 |a pozemné stavby a architektúra  |2 stusub 
700 1 |a Nádaská, Zuzana,  |d 1956-  |4 ths  |u V181  |U SvF Stavebná fakulta  |T SvF Katedra architektúry  |X 790  |U V181|V310  |Y 19  |7 A000000790 
856 4 |a info a plný text  |u http://is.stuba.sk/zp/portal_zp.pl?podrobnosti=101894  |3 VAIS